[Event "v4camp2016"]
[Site "?"]
[Date "2016.06.21"]
[Round "1.1"]
[White "Bubnov, Kirill"]
[Black "Durica, Adam"]
[Result "0-1"]
[BlackElo "1761"]
[WhiteElo "2163"]
[LiveChessVersion "1.4.8"]

1. d4 {[%clk 1:30:58]} d6 {[%clk 1:30:55]} 2. c4 {[%clk 1:31:21]} c6
{[%clk 1:31:19]} 3. Nc3 {[%clk 1:31:34]} g6 {[%clk 1:31:35]} 4. e4
{[%clk 1:31:52]} Bg7 {[%clk 1:31:58]} 5. f3 {[%clk 1:32:18]} Nd7 {[%clk 1:31:34]}
6. Nge2 {[%clk 1:31:26]} e5 {[%clk 1:31:40]} 7. d5 {[%clk 1:31:42]} c5
{[%clk 1:31:29]} 8. g4 {[%clk 1:29:36]} Qh4+ {[%clk 1:26:09]} 9. Ng3
{[%clk 1:29:53]} f5 {[%clk 1:24:08]} 10. gxf5 {[%clk 1:27:51]} gxf5
{[%clk 1:24:29]} 11. Nb5 {[%clk 1:27:52]} Ke7 {[%clk 1:23:54]} 12. exf5
{[%clk 1:14:51]} Ndf6 {[%clk 1:22:46]} 13. Be3 {[%clk 1:15:12]} Bxf5
{[%clk 1:16:59]} 14. Bf2 {[%clk 1:15:35]} Qf4 {[%clk 1:16:12]} 15. Nc7
{[%clk 1:03:48]} Rc8 {[%clk 1:13:49]} 16. Nxf5+ {[%clk 1:03:22]} Qxf5
{[%clk 1:14:02]} 17. Ne6 {[%clk 1:03:50]} Bh6 {[%clk 1:12:54]} 18. Bd3
{[%clk 1:00:29]} Qh3 {[%clk 0:56:34]} 19. Rg1 {[%clk 0:39:13]} Qxh2
{[%clk 0:48:57]} 20. Qb3 {[%clk 0:31:45]} Rb8 {[%clk 0:47:48]} 21. Ke2
{[%clk 0:31:41]} Nh5 {[%clk 0:46:31]} 22. Raf1 {[%clk 0:27:24]} Nf4+
{[%clk 0:43:33]} 23. Nxf4 {[%clk 0:26:58]} Qxf4 {[%clk 0:43:55]} 24. Qc3
{[%clk 0:27:16]} Nf6 {[%clk 0:43:34]} 25. Bc2 {[%clk 0:27:38]} b5
{[%clk 0:42:17]} 26. b3 {[%clk 0:26:20]} bxc4 {[%clk 0:41:26]} 27. bxc4
{[%clk 0:26:18]} Rb4 {[%clk 0:39:34]} 28. Bb3 {[%clk 0:25:12]} Rhb8
{[%clk 0:37:04]} 29. Re1 {[%clk 0:22:46]} a5 {[%clk 0:36:53]} 30. Rh1
{[%clk 0:23:12]} Bg5 {[%clk 0:34:22]} 31. Kd1 {[%clk 0:17:09]} a4
{[%clk 0:33:25]} 32. Bxc5 {[%clk 0:17:33]} dxc5 {[%clk 0:30:53]} 33. Rxe5+
{[%clk 0:14:00]} Kd7 {[%clk 0:28:38]} 34. Rhe1 {[%clk 0:13:14]} axb3
{[%clk 0:28:13]} 35. Re7+ {[%clk 0:12:57]} Kd8 {[%clk 0:28:33]} 36. axb3
{[%clk 0:11:43]} Qd4+ {[%clk 0:27:11]} 37. Qxd4 {[%clk 0:11:46]} cxd4
{[%clk 0:27:35]} 38. c5 {[%clk 0:10:13]} Rxb3 {[%clk 0:27:57]} 39. c6
{[%clk 0:09:41]} Rb1+ {[%clk 0:28:07]} 40. Kc2 {[%clk 0:09:43]} R8b2+
{[%clk 0:28:29]} 41. Kd3 {[%clk 0:10:06]} Rxe1 {[%clk 0:28:03]} 42. c7+
{[%clk 0:08:38]} Kc8 {[%clk 0:28:27]} 0-1

[Event "v4camp2016"]
[Site "?"]
[Date "2016.06.21"]
[Round "1.2"]
[White "Holly, Andrej"]
[Black "Skafar, Darya"]
[Result "0-1"]
[BlackElo "2050"]
[WhiteElo "1752"]
[LiveChessVersion "1.4.8"]

1. Nf3 {[%clk 1:30:59]} g6 {[%clk 1:29:38]} 2. g3 {[%clk 1:30:34]} Bg7
{[%clk 1:29:38]} 3. Bg2 {[%clk 1:30:57]} d5 {[%clk 1:27:19]} 4. O-O
{[%clk 1:30:11]} Nf6 {[%clk 1:24:48]} 5. d3 {[%clk 1:29:13]} O-O {[%clk 1:22:49]}
6. Nbd2 {[%clk 1:28:10]} c5 {[%clk 1:14:41]} 7. c4 {[%clk 1:25:03]} e6
{[%clk 1:08:41]} 8. Qc2 {[%clk 1:20:44]} Qe7 {[%clk 0:59:03]} 9. Nb3
{[%clk 1:10:40]} b6 {[%clk 0:48:34]} 10. Bg5 {[%clk 1:06:12]} h6 {[%clk 0:38:57]}
11. Bxf6 {[%clk 1:05:07]} Qxf6 {[%clk 0:35:45]} 12. cxd5 {[%clk 1:00:40]} exd5
{[%clk 0:34:06]} 13. d4 {[%clk 0:53:04]} Bf5 {[%clk 0:25:39]} 14. Qd1
{[%clk 0:50:49]} c4 {[%clk 0:23:11]} 15. Nbd2 {[%clk 0:50:34]} Nc6
{[%clk 0:21:29]} 16. e3 {[%clk 0:44:34]} Bd3 {[%clk 0:20:23]} 17. Re1
{[%clk 0:44:14]} Nb4 {[%clk 0:17:36]} 18. Ne5 {[%clk 0:41:52]} Rad8
{[%clk 0:10:44]} 19. Qa4 {[%clk 0:39:41]} Qd6 {[%clk 0:08:18]} 20. Rac1
{[%clk 0:34:43]} b5 {[%clk 0:07:18]} 21. Qa3 {[%clk 0:28:51]} Bxe5
{[%clk 0:04:23]} 22. dxe5 {[%clk 0:29:06]} Qe7 {[%clk 0:04:24]} 23. Nf3
{[%clk 0:19:54]} Nc6 {[%clk 0:01:28]} 24. Qxe7 {[%clk 0:18:51]} Nxe7
{[%clk 0:01:53]} 25. Nd4 {[%clk 0:18:37]} Rb8 {[%clk 0:00:42]} 26. e4
{[%clk 0:16:58]} dxe4 {[%clk 0:00:54]} 27. Bxe4 {[%clk 0:17:21]} Bxe4
{[%clk 0:00:43]} 28. Rxe4 {[%clk 0:17:46]} Rb6 {[%clk 0:00:37]} 29. Rce1
{[%clk 0:17:03]} Rd8 {[%clk 0:00:39]} 30. Nf3 {[%clk 0:15:03]} Rd3
{[%clk 0:00:42]} 31. Kg2 {[%clk 0:14:28]} Nf5 {[%clk 0:00:35]} 32. e6
{[%clk 0:11:27]} Rxe6 {[%clk 0:00:45]} 33. Rxe6 {[%clk 0:11:49]} fxe6
{[%clk 0:01:09]} 34. Rxe6 {[%clk 0:12:07]} Rxf3 {[%clk 0:00:44]} 35. Rxg6+
{[%clk 0:10:19]} Kf7 {[%clk 0:01:02]} 36. Rxh6 {[%clk 0:10:21]} Rxf2+
{[%clk 0:00:53]} 37. Kxf2 {[%clk 0:10:41]} Nxh6 {[%clk 0:01:20]} 38. Ke3
{[%clk 0:10:46]} Ng4+ {[%clk 0:00:42]} 39. Kd2 {[%clk 0:11:08]} Nxh2
{[%clk 0:00:50]} 40. b3 {[%clk 0:11:23]} Ke6 {[%clk 0:00:49]} 41. Kc3
{[%clk 0:10:23]} Kd5 {[%clk 0:00:49]} 42. bxc4+ {[%clk 0:10:17]} bxc4
{[%clk 0:01:14]} 43. a3 {[%clk 0:10:28]} a5 {[%clk 0:01:22]} 44. Kc2
{[%clk 0:10:27]} Kd4 {[%clk 0:01:39]} 45. a4 {[%clk 0:10:48]} c3 {[%clk 0:01:40]}
46. Kc1 {[%clk 0:11:05]} Kd3 {[%clk 0:01:59]} 47. Kd1 {[%clk 0:11:28]} c2+
{[%clk 0:02:03]} 48. Kc1 {[%clk 0:11:55]} Ng4 {[%clk 0:02:23]} 0-1

[Event "v4camp2016"]
[Site "?"]
[Date "2016.06.21"]
[Round "1.3"]
[White "Zakharikov, Ivan"]
[Black "Brnusak, Tomas"]
[Result "1-0"]
[BlackElo "1600"]
[WhiteElo "1982"]
[LiveChessVersion "1.4.8"]

1. e4 {[%clk 1:30:57]} b6 {[%clk 1:30:52]} 2. d4 {[%clk 1:31:18]} Bb7
{[%clk 1:31:10]} 3. Nc3 {[%clk 1:31:10]} e6 {[%clk 1:31:07]} 4. a3
{[%clk 1:29:50]} Nf6 {[%clk 1:30:30]} 5. Bd3 {[%clk 1:26:01]} d6 {[%clk 1:28:39]}
6. Nf3 {[%clk 1:23:37]} Nbd7 {[%clk 1:26:25]} 7. Bf4 {[%clk 1:17:16]} Be7
{[%clk 1:24:21]} 8. O-O {[%clk 1:16:57]} Nf8 {[%clk 1:22:53]} 9. h3
{[%clk 1:09:52]} Ng6 {[%clk 1:22:21]} 10. Bh2 {[%clk 1:10:12]} O-O
{[%clk 1:19:53]} 11. Qe2 {[%clk 1:08:10]} Qd7 {[%clk 1:17:12]} 12. Rad1
{[%clk 1:06:23]} h6 {[%clk 1:07:23]} 13. Rfe1 {[%clk 1:00:25]} d5
{[%clk 1:07:03]} 14. exd5 {[%clk 0:56:25]} Nxd5 {[%clk 1:05:47]} 15. Nxd5
{[%clk 0:54:30]} Bxd5 {[%clk 1:05:41]} 16. c4 {[%clk 0:45:45]} Bxf3
{[%clk 1:04:47]} 17. Qxf3 {[%clk 0:45:54]} Bf6 {[%clk 1:03:28]} 18. Be4
{[%clk 0:39:07]} Rad8 {[%clk 1:02:49]} 19. Bc6 {[%clk 0:37:48]} Qc8
{[%clk 1:02:02]} 20. Qe4 {[%clk 0:30:45]} Ne7 {[%clk 0:59:30]} 21. Ba4
{[%clk 0:27:49]} c6 {[%clk 0:58:06]} 22. Bc2 {[%clk 0:25:32]} g6 {[%clk 0:55:31]}
23. g4 {[%clk 0:19:01]} Qd7 {[%clk 0:54:27]} 24. Be5 {[%clk 0:15:49]} Bg7
{[%clk 0:50:40]} 25. Bxg7 {[%clk 0:11:39]} Kxg7 {[%clk 0:50:56]} 26. Kg2
{[%clk 0:10:45]} Qc7 {[%clk 0:49:45]} 27. b4 {[%clk 0:09:43]} Ng8
{[%clk 0:49:02]} 28. Ba4 {[%clk 0:07:31]} Rc8 {[%clk 0:47:52]} 29. Re3
{[%clk 0:05:48]} Nf6 {[%clk 0:47:51]} 30. Qe5 {[%clk 0:04:44]} c5
{[%clk 0:46:58]} 31. dxc5 {[%clk 0:02:40]} bxc5 {[%clk 0:47:05]} 32. Qb2
{[%clk 0:01:51]} cxb4 {[%clk 0:46:48]} 33. axb4 {[%clk 0:02:03]} Qxc4
{[%clk 0:45:29]} 34. Rf3 {[%clk 0:02:07]} Qe4 {[%clk 0:45:25]} 35. Qxf6+
{[%clk 0:02:27]} Kg8 {[%clk 0:45:22]} 36. Rd7 {[%clk 0:01:41]} Rb8
{[%clk 0:43:40]} 37. Rxf7 {[%clk 0:01:36]} Qxf3+ {[%clk 0:43:52]} 38. Qxf3
{[%clk 0:02:02]} Rxf7 {[%clk 0:44:06]} 39. Qe4 {[%clk 0:02:22]} Rf6
{[%clk 0:44:00]} 40. Bb3 {[%clk 0:02:31]} Re8 {[%clk 0:43:39]} 41. Qd4
{[%clk 0:01:52]} Rf7 {[%clk 0:43:21]} 42. Qe4 {[%clk 0:01:22]} Rf6
{[%clk 0:43:28]} 43. Qe3 {[%clk 0:02:11]} Re7 {[%clk 0:42:11]} 44. Qxh6
{[%clk 0:02:25]} Kf7 {[%clk 0:40:12]} 45. Qh7+ {[%clk 0:02:15]} Ke8
{[%clk 0:40:16]} 46. Qg8+ {[%clk 0:02:41]} Kd7 {[%clk 0:40:21]} 47. Ba4+
{[%clk 0:02:59]} Kc7 {[%clk 0:40:17]} 48. Qa8 {[%clk 0:02:57]} Ref7
{[%clk 0:38:35]} 49. Qxa7+ {[%clk 0:03:17]} Kd6 {[%clk 0:38:42]} 50. Qc5#
{[%clk 0:03:40]} 1-0

[Event "v4camp2016"]
[Site "?"]
[Date "2016.06.21"]
[Round "1.4"]
[White "Korenova, Simona"]
[Black "Khlopushin, Dmitriy"]
[Result "1-0"]
[BlackElo "1697"]
[WhiteElo "1530"]
[LiveChessVersion "1.4.8"]

1. c4 {[%clk 1:30:57]} e6 {[%clk 1:29:49]} 2. Nc3 {[%clk 1:30:26]} Nf6
{[%clk 1:30:05]} 3. e3 {[%clk 1:30:21]} d5 {[%clk 1:28:53]} 4. d4
{[%clk 1:29:00]} Be7 {[%clk 1:28:58]} 5. Nf3 {[%clk 1:28:08]} O-O
{[%clk 1:28:58]} 6. Be2 {[%clk 1:26:41]} dxc4 {[%clk 1:27:11]} 7. Bxc4
{[%clk 1:26:59]} a6 {[%clk 1:27:35]} 8. O-O {[%clk 1:25:02]} b5 {[%clk 1:27:34]}
9. Bd3 {[%clk 1:24:28]} Bb7 {[%clk 1:27:42]} 10. a3 {[%clk 1:22:23]} Nbd7
{[%clk 1:26:16]} 11. b4 {[%clk 1:16:58]} Bd6 {[%clk 1:22:39]} 12. e4
{[%clk 1:10:35]} e5 {[%clk 1:14:37]} 13. d5 {[%clk 1:06:45]} h6 {[%clk 1:11:20]}
14. Bb2 {[%clk 1:03:44]} c6 {[%clk 1:10:16]} 15. dxc6 {[%clk 1:02:16]} Bxc6
{[%clk 1:10:35]} 16. Rc1 {[%clk 0:58:53]} Rc8 {[%clk 1:10:17]} 17. Re1
{[%clk 0:57:16]} Qe7 {[%clk 1:09:38]} 18. Nh4 {[%clk 0:52:40]} g6
{[%clk 1:07:24]} 19. Qd2 {[%clk 0:45:28]} Nh5 {[%clk 1:06:06]} 20. g3
{[%clk 0:43:02]} Kh7 {[%clk 1:05:21]} 21. Be2 {[%clk 0:40:34]} Ndf6
{[%clk 1:05:15]} 22. Bxh5 {[%clk 0:39:52]} Nxh5 {[%clk 1:05:28]} 23. Rcd1
{[%clk 0:38:45]} Rcd8 {[%clk 1:03:59]} 24. Bc1 {[%clk 0:37:30]} Nf4
{[%clk 1:03:31]} 25. Qe3 {[%clk 0:32:04]} Bb8 {[%clk 1:01:15]} 26. Nd5
{[%clk 0:24:25]} Bxd5 {[%clk 0:59:24]} 27. exd5 {[%clk 0:24:45]} Rfe8
{[%clk 0:52:19]} 28. Nf3 {[%clk 0:21:44]} Ba7 {[%clk 0:48:12]} 29. Qxe5
{[%clk 0:19:32]} Qxe5 {[%clk 0:48:23]} 30. Rxe5 {[%clk 0:19:38]} Nh3+
{[%clk 0:46:16]} 31. Kg2 {[%clk 0:19:16]} Nxf2 {[%clk 0:45:52]} 32. Rxe8
{[%clk 0:18:30]} Rxe8 {[%clk 0:46:14]} 33. Re1 {[%clk 0:17:58]} Rxe1
{[%clk 0:40:57]} 34. Nxe1 {[%clk 0:18:24]} Ne4 {[%clk 0:41:06]} 35. Bf4
{[%clk 0:16:25]} Bb6 {[%clk 0:41:02]} 36. Nd3 {[%clk 0:15:03]} Nf6
{[%clk 0:39:32]} 37. d6 {[%clk 0:14:10]} g5 {[%clk 0:39:44]} 38. Be5
{[%clk 0:14:02]} Nd7 {[%clk 0:40:03]} 39. Kf3 {[%clk 0:12:59]} f6
{[%clk 0:32:24]} 40. Bc3 {[%clk 0:12:06]} Kg6 {[%clk 0:32:07]} 41. Ke4
{[%clk 0:10:54]} Kf7 {[%clk 0:30:18]} 42. Kd5 {[%clk 0:10:04]} Nb8
{[%clk 0:22:47]} 43. Nc5 {[%clk 0:06:28]} h5 {[%clk 0:20:21]} 44. Ne4
{[%clk 0:04:06]} Bd8 {[%clk 0:20:32]} 45. Bd4 {[%clk 0:03:32]} f5
{[%clk 0:18:12]} 46. Nc5 {[%clk 0:03:06]} Bf6 {[%clk 0:16:44]} 47. Bxf6
{[%clk 0:02:22]} Kxf6 {[%clk 0:17:09]} 48. d7 {[%clk 0:01:33]} Ke7
{[%clk 0:17:26]} 49. Ke5 {[%clk 0:01:53]} f4 {[%clk 0:17:30]} 50. gxf4
{[%clk 0:02:19]} gxf4 {[%clk 0:17:54]} 51. Kxf4 {[%clk 0:02:46]} Nc6
{[%clk 0:17:44]} 52. Kg5 {[%clk 0:01:40]} Nd4 {[%clk 0:17:28]} 53. Kxh5
{[%clk 0:01:45]} Nc2 {[%clk 0:16:36]} 54. h4 {[%clk 0:01:12]} Nxa3
{[%clk 0:16:35]} 55. Kg6 {[%clk 0:01:24]} Nc4 {[%clk 0:16:16]} 56. h5
{[%clk 0:01:19]} Ne5+ {[%clk 0:15:42]} 57. Kg7 {[%clk 0:01:35]} a5
{[%clk 0:11:24]} 58. bxa5 {[%clk 0:01:16]} b4 {[%clk 0:11:50]} 59. a6
{[%clk 0:01:21]} Nxd7 {[%clk 0:12:05]} 60. Nxd7 {[%clk 0:01:32]} b3
{[%clk 0:12:27]} 61. a7 {[%clk 0:01:52]} b2 {[%clk 0:12:45]} 62. a8=Q
{[%clk 0:02:17]} b1=Q {[%clk 0:13:10]} 63. Ne5 {[%clk 0:01:20]} Qg1+
{[%clk 0:11:57]} 64. Ng6+ {[%clk 0:01:49]} Ke6 {[%clk 0:11:15]} 65. Qc6+
{[%clk 0:02:07]} Kf5 {[%clk 0:11:37]} 66. Qf6+ {[%clk 0:02:08]} Ke4
{[%clk 0:10:49]} 67. h6 {[%clk 0:02:27]} Kd3 {[%clk 0:10:47]} 68. h7
{[%clk 0:02:06]} Qa7+ {[%clk 0:11:03]} 69. Kh6 {[%clk 0:02:00]} 1-0

[Event "v4camp2016"]
[Site "?"]
[Date "2016.06.21"]
[Round "1.5"]
[White "Sankova, Stella"]
[Black "Molenda, Marcin"]
[Result "0-1"]
[BlackElo "2235"]
[WhiteElo "1792"]
[LiveChessVersion "1.4.8"]

1. Nf3 {[%clk 1:30:48]} c5 {[%clk 1:30:40]} 2. c4 {[%clk 1:30:55]} Nc6
{[%clk 1:31:02]} 3. Nc3 {[%clk 1:31:17]} g6 {[%clk 1:31:23]} 4. g3
{[%clk 1:31:20]} Bg7 {[%clk 1:31:43]} 5. Bg2 {[%clk 1:31:34]} d6 {[%clk 1:31:29]}
6. O-O {[%clk 1:31:07]} e6 {[%clk 1:31:18]} 7. e3 {[%clk 1:23:44]} Nge7
{[%clk 1:31:10]} 8. d4 {[%clk 1:21:56]} cxd4 {[%clk 1:30:46]} 9. exd4
{[%clk 1:22:17]} O-O {[%clk 1:28:31]} 10. Re1 {[%clk 1:10:14]} d5
{[%clk 1:23:43]} 11. cxd5 {[%clk 1:10:11]} Nxd5 {[%clk 1:24:09]} 12. Nxd5
{[%clk 1:06:57]} Qxd5 {[%clk 1:24:33]} 13. Ne5 {[%clk 1:04:02]} Qxd4
{[%clk 1:24:11]} 14. Nxc6 {[%clk 1:04:23]} bxc6 {[%clk 1:24:34]} 15. Bxc6
{[%clk 0:58:47]} Rb8 {[%clk 1:23:28]} 16. Qxd4 {[%clk 0:53:39]} Bxd4
{[%clk 1:23:42]} 17. Rb1 {[%clk 0:53:42]} e5 {[%clk 1:23:34]} 18. Bh6
{[%clk 0:51:42]} Rd8 {[%clk 1:22:25]} 19. b3 {[%clk 0:51:24]} Rd6
{[%clk 1:21:16]} 20. Bg2 {[%clk 0:50:58]} Ra6 {[%clk 1:21:33]} 21. Be3
{[%clk 0:40:53]} Bxe3 {[%clk 1:05:21]} 22. Rxe3 {[%clk 0:41:06]} Rxa2
{[%clk 1:05:45]} 23. Rxe5 {[%clk 0:39:42]} Rxb3 {[%clk 1:04:48]} 24. Re8+
{[%clk 0:37:25]} Kg7 {[%clk 1:05:03]} 25. Rc1 {[%clk 0:37:37]} Be6
{[%clk 1:05:05]} 26. Bf1 {[%clk 0:34:00]} Rbb2 {[%clk 1:05:19]} 27. Rc7
{[%clk 0:33:59]} Kh6 {[%clk 1:03:53]} 28. Ree7 {[%clk 0:33:31]} Rb1
{[%clk 1:03:44]} 0-1

[Event "v4camp2016"]
[Site "?"]
[Date "2016.06.21"]
[Round "1.6"]
[White "Drozniak, Stanislaw"]
[Black "Cibikova, Sofia Anna"]
[Result "1/2-1/2"]
[BlackElo "1716"]
[WhiteElo "2179"]
[LiveChessVersion "1.4.8"]

1. e4 {[%clk 1:30:58]} Nf6 {[%clk 1:30:54]} 2. e5 {[%clk 1:31:21]} Nd5
{[%clk 1:31:19]} 3. d4 {[%clk 1:31:42]} d6 {[%clk 1:31:42]} 4. c4
{[%clk 1:31:46]} Nb6 {[%clk 1:32:02]} 5. exd6 {[%clk 1:31:58]} exd6
{[%clk 1:32:15]} 6. Bd3 {[%clk 1:30:33]} Be7 {[%clk 1:30:56]} 7. h3
{[%clk 1:29:41]} O-O {[%clk 1:29:17]} 8. Nf3 {[%clk 1:29:40]} Bf6
{[%clk 1:25:55]} 9. O-O {[%clk 1:27:39]} Nc6 {[%clk 1:23:02]} 10. d5
{[%clk 1:26:31]} Ne5 {[%clk 1:22:57]} 11. Nxe5 {[%clk 1:26:27]} Bxe5
{[%clk 1:23:07]} 12. Nc3 {[%clk 1:23:47]} Bd7 {[%clk 1:19:39]} 13. Qc2
{[%clk 1:23:01]} h6 {[%clk 1:17:03]} 14. f4 {[%clk 1:19:31]} Bd4+
{[%clk 1:14:18]} 15. Kh2 {[%clk 1:19:14]} Re8 {[%clk 1:11:42]} 16. Bd2
{[%clk 1:18:10]} c6 {[%clk 1:04:54]} 17. f5 {[%clk 1:05:04]} cxd5
{[%clk 0:57:28]} 18. Nxd5 {[%clk 1:04:23]} Bc6 {[%clk 0:54:39]} 19. Bc3
{[%clk 0:55:41]} Nxd5 {[%clk 0:48:45]} 20. cxd5 {[%clk 0:54:13]} Bxc3
{[%clk 0:48:29]} 21. Qxc3 {[%clk 0:54:33]} Bxd5 {[%clk 0:47:08]} 22. f6
{[%clk 0:54:48]} g5 {[%clk 0:45:26]} 23. Qd4 {[%clk 0:54:57]} Re5
{[%clk 0:43:30]} 24. Rac1 {[%clk 0:48:03]} Bc6 {[%clk 0:34:29]} 25. Qg4
{[%clk 0:47:51]} Qf8 {[%clk 0:30:08]} 26. Bb1 {[%clk 0:46:30]} Kh8
{[%clk 0:27:48]} 27. Rf2 {[%clk 0:44:18]} Rae8 {[%clk 0:24:52]} 28. Qd4
{[%clk 0:43:29]} a6 {[%clk 0:23:45]} 29. Rd1 {[%clk 0:42:09]} Be4
{[%clk 0:21:26]} 30. Bxe4 {[%clk 0:42:05]} Rxe4 {[%clk 0:21:47]} 31. Qxd6
{[%clk 0:42:22]} Qxd6+ {[%clk 0:22:06]} 32. Rxd6 {[%clk 0:42:48]} Kg8
{[%clk 0:21:17]} 33. Rb6 {[%clk 0:43:07]} Rb8 {[%clk 0:21:06]} 34. Kg3
{[%clk 0:42:50]} Re6 {[%clk 0:20:14]} 35. Rb4 {[%clk 0:40:48]} b5
{[%clk 0:19:09]} 36. h4 {[%clk 0:40:50]} Kh7 37. hxg5 {[%clk 0:40:30]} hxg5
{[%clk 0:16:33]} 38. Kg4 {[%clk 0:40:09]} Kg6 {[%clk 0:14:20]} 39. Rf5
{[%clk 0:40:07]} Rxf6 {[%clk 0:14:32]} 40. Rxg5+ {[%clk 0:40:32]} Kh6
{[%clk 0:14:51]} 41. a4 {[%clk 0:38:06]} Rg6 {[%clk 0:13:57]} 42. Rxg6+
{[%clk 0:38:25]} Kxg6 {[%clk 0:14:21]} 43. Kf4 {[%clk 0:38:48]} Rb6
{[%clk 0:13:48]} 44. axb5 {[%clk 0:39:01]} Rxb5 {[%clk 0:13:58]} 45. Rxb5
{[%clk 0:23:46]} axb5 {[%clk 0:14:23]} 46. b4 {[%clk 0:24:01]} Kf6
{[%clk 0:14:29]} 47. g4 {[%clk 0:24:02]} Kg6 {[%clk 0:14:31]} 48. Kf3
{[%clk 0:15:09]} 1/2-1/2

[Event "v4camp2016"]
[Site "?"]
[Date "2016.06.21"]
[Round "1.7"]
[White "Cabanova, Kristina"]
[Black "Galuszka, Tomasz"]
[Result "0-1"]
[BlackElo "1714"]
[WhiteElo "1591"]
[LiveChessVersion "1.4.8"]

1. Nf3 {[%clk 1:30:57]} d5 {[%clk 1:30:53]} 2. d4 {[%clk 1:31:03]} Nf6
{[%clk 1:30:42]} 3. Bf4 {[%clk 1:30:52]} Bg4 {[%clk 1:30:33]} 4. e3
{[%clk 1:30:11]} e6 {[%clk 1:30:57]} 5. a3 {[%clk 1:30:18]} Bd6 {[%clk 1:31:11]}
6. Bxd6 {[%clk 1:30:16]} Qxd6 {[%clk 1:31:39]} 7. c4 {[%clk 1:30:12]} c6
{[%clk 1:31:22]} 8. Nc3 {[%clk 1:28:43]} O-O {[%clk 1:30:46]} 9. Rc1
{[%clk 1:28:14]} Nbd7 {[%clk 1:30:48]} 10. h3 {[%clk 1:27:33]} Bh5
{[%clk 1:31:08]} 11. Be2 {[%clk 1:27:22]} Bxf3 {[%clk 1:29:20]} 12. Bxf3
{[%clk 1:27:37]} dxc4 {[%clk 1:29:40]} 13. O-O {[%clk 1:26:49]} b5
{[%clk 1:25:10]} 14. a4 {[%clk 1:11:37]} Rab8 {[%clk 1:24:09]} 15. axb5
{[%clk 1:11:14]} cxb5 {[%clk 1:24:36]} 16. Qc2 {[%clk 1:10:20]} Nd5
{[%clk 1:12:33]} 17. Ne4 {[%clk 0:59:31]} Qb4 {[%clk 1:08:09]} 18. Ng5
{[%clk 0:53:52]} g6 {[%clk 1:05:55]} 19. h4 {[%clk 0:45:09]} Kg7 {[%clk 1:01:00]}
20. h5 {[%clk 0:37:54]} Qe7 {[%clk 0:53:07]} 21. Nh3 {[%clk 0:33:33]} N7f6
{[%clk 0:37:00]} 22. e4 {[%clk 0:32:16]} Nb4 {[%clk 0:35:41]} 23. h6+
{[%clk 0:31:03]} Kxh6 {[%clk 0:32:06]} 24. Qd2+ {[%clk 0:31:24]} Kg7
{[%clk 0:32:29]} 25. Rc3 {[%clk 0:29:27]} Rfd8 {[%clk 0:27:12]} 26. e5
{[%clk 0:28:28]} Nfd5 {[%clk 0:27:00]} 27. Bxd5 Nxd5 {[%clk 0:26:58]} 28. Rf3
{[%clk 0:28:12]} h6 {[%clk 0:26:58]} 29. Nf4 {[%clk 0:26:35]} Rb7
{[%clk 0:22:51]} 30. Rg3 {[%clk 0:21:45]} Nxf4 {[%clk 0:19:56]} 31. Qxf4
{[%clk 0:22:12]} Rd5 {[%clk 0:19:11]} 32. Rh3 {[%clk 0:21:58]} Qg5
{[%clk 0:18:39]} 33. Qxg5 {[%clk 0:20:57]} hxg5 {[%clk 0:19:08]} 34. Rd1
{[%clk 0:21:24]} Rbd7 {[%clk 0:19:24]} 35. Ra3 {[%clk 0:21:39]} Rxe5
{[%clk 0:18:46]} 36. Rxa7 {[%clk 0:21:33]} Rxa7 {[%clk 0:17:15]} 37. dxe5
{[%clk 0:21:53]} Ra2 {[%clk 0:17:41]} 38. Rb1 {[%clk 0:22:06]} b4
{[%clk 0:17:43]} 39. Kf1 {[%clk 0:22:29]} Ra5 {[%clk 0:16:45]} 40. Ke2
{[%clk 0:22:39]} Rxe5+ {[%clk 0:17:07]} 41. Kd2 {[%clk 0:22:25]} f5
{[%clk 0:17:28]} 42. Rc1 {[%clk 0:22:45]} Rd5+ {[%clk 0:16:19]} 43. Ke3
{[%clk 0:22:05]} Rd3+ {[%clk 0:16:34]} 44. Ke2 {[%clk 0:22:27]} Rb3
{[%clk 0:16:54]} 45. Rc2 {[%clk 0:22:51]} Kf6 {[%clk 0:17:03]} 0-1

[Event "v4camp2016"]
[Site "?"]
[Date "2016.06.21"]
[Round "1.8"]
[White "Kordela, Monika"]
[Black "Bobrova, Katarina"]
[Result "1-0"]
[BlackElo "1442"]
[WhiteElo "1724"]
[LiveChessVersion "1.4.8"]

1. d4 {[%clk 1:30:58]} d5 {[%clk 1:30:49]} 2. c4 {[%clk 1:31:18]} c6
{[%clk 1:30:56]} 3. Nc3 {[%clk 1:31:38]} Nf6 {[%clk 1:30:40]} 4. Nf3
{[%clk 1:31:52]} Bf5 {[%clk 1:30:09]} 5. Bf4 {[%clk 1:31:55]} e6 {[%clk 1:29:04]}
6. e3 {[%clk 1:31:41]} Be7 {[%clk 1:27:51]} 7. cxd5 {[%clk 1:31:30]} cxd5
{[%clk 1:26:22]} 8. Bb5+ {[%clk 1:28:32]} Nbd7 {[%clk 1:24:43]} 9. O-O
{[%clk 1:24:57]} O-O {[%clk 1:22:36]} 10. Rc1 {[%clk 1:22:11]} Rc8
{[%clk 1:20:29]} 11. h3 {[%clk 1:18:04]} Nb6 {[%clk 1:13:59]} 12. Ne5
{[%clk 1:13:29]} Bd6 {[%clk 1:11:23]} 13. Bd3 {[%clk 0:57:03]} Ne4
{[%clk 1:03:59]} 14. Bxe4 {[%clk 0:46:46]} Bxe4 {[%clk 1:03:05]} 15. Nxe4
{[%clk 0:45:54]} Rxc1 {[%clk 1:00:26]} 16. Qxc1 {[%clk 0:44:39]} dxe4
{[%clk 1:00:20]} 17. Bh2 {[%clk 0:33:37]} Qg5 {[%clk 0:55:10]} 18. Qc2
{[%clk 0:28:36]} f6 {[%clk 0:51:57]} 19. Ng4 {[%clk 0:26:40]} Bxh2+
{[%clk 0:51:35]} 20. Nxh2 {[%clk 0:26:57]} f5 {[%clk 0:49:54]} 21. Qb3
{[%clk 0:26:32]} Rf6 {[%clk 0:49:18]} 22. Qb5 {[%clk 0:25:12]} h6
{[%clk 0:47:20]} 23. Rc1 {[%clk 0:22:34]} Rg6 {[%clk 0:46:47]} 24. g3
{[%clk 0:21:59]} Qh5 {[%clk 0:44:42]} 25. Kg2 {[%clk 0:20:44]} Rg5
{[%clk 0:42:30]} 26. Qe5 {[%clk 0:18:53]} Qg6 {[%clk 0:31:22]} 27. Qb8+
{[%clk 0:17:42]} Kh7 {[%clk 0:30:50]} 28. Qxb7 {[%clk 0:17:33]} h5
{[%clk 0:30:21]} 29. h4 {[%clk 0:16:43]} Rg4 {[%clk 0:28:10]} 30. Nxg4
{[%clk 0:17:08]} Qxg4 {[%clk 0:28:12]} 31. Qxa7 {[%clk 0:15:56]} Nd5
{[%clk 0:28:16]} 32. Qa3 {[%clk 0:14:08]} Qf3+ {[%clk 0:27:52]} 33. Kg1
{[%clk 0:14:11]} Nf6 {[%clk 0:27:18]} 34. b4 {[%clk 0:13:47]} Ng4
{[%clk 0:26:41]} 35. Qb2 {[%clk 0:14:05]} Kh6 {[%clk 0:25:56]} 36. b5
{[%clk 0:12:13]} g5 {[%clk 0:25:46]} 37. hxg5+ {[%clk 0:11:58]} Kxg5
{[%clk 0:26:01]} 38. d5 {[%clk 0:11:26]} h4 {[%clk 0:24:32]} 39. Qg7+
{[%clk 0:08:05]} Kh5 {[%clk 0:24:28]} 40. Qh7+ {[%clk 0:08:04]} Kg5
{[%clk 0:24:10]} 41. gxh4+ {[%clk 0:08:15]} Kf6 {[%clk 0:24:02]} 42. Qh8+
{[%clk 0:08:12]} Kf7 {[%clk 0:23:23]} 43. Rc7+ {[%clk 0:08:24]} Kg6
{[%clk 0:22:47]} 44. Qg7+ {[%clk 0:08:38]} 1-0